00461 2200157 4500001002100000005001500021035002000036008004100056245008700097260003700184300002000221650001900241650001200260650001400272990001700286INLIS00000000000591520260414031222 a0010-0426000002260414 g | dut  aVerslag van den dienst van het boschwezen in nederlandsch-indie over het jaar 1915 aBatavia :bLandsdrukkerij,c1916 a91 p. ;c33 cm. 4aFOREST SERVICE 4aREPORTS 4aINDONESIA a0330/KA/2026